Hablemos del duelo / (Record no. 28619)

MARC details
000 -LEADER
campo de control de longitud fija 00538nam a22002057a 4500
001 - NÚMERO DE CONTROL
campo de control 00028589
008 - DATOS DE LONGITUD FIJA--INFORMACIÓN GENERAL
campo de control de longitud fija 260318b ag ||||| |||| 00| 0 spa d
020 ## - NÚMERO INTERNACIONAL ESTÁNDAR DEL LIBRO
Número Internacional Estándar del Libro 9789506025854
040 ## - FUENTE DE CATALOGACIÓN
Lengua de catalogación Español; Castellano
Centro/agencia transcriptor AR-CcCEOS
080 ## - NÚMERO DE LA CLASIFICACIÓN DECIMAL UNIVERSAL
Número de la Clasificación Decimal Universal 150.195
090 ## - LOCALMENTE ASIGNADO TIPO-LC NÚMERO DE CLASIFICACIÓN (OCLC); NÚMERO DE CLASIFICACIÓN LOCAL (RLIN)
Número cutter local (OCLC) ; Número de libro/Signatura topográfica íntegra, CALL (RLIN) RAI
100 1# - ENTRADA PRINCIPAL--NOMBRE DE PERSONA
Nombre de persona Raimbault, Ginette,
Fechas asociadas al nombre 1924-
9 (RLIN) 920
245 ## - MENCIÓN DEL TÍTULO
Título Hablemos del duelo /
Mención de responsabilidad, etc. Ginette Raimbault
250 ## - MENCION DE EDICION
Mención de edición 1ª ed.
260 ## - PUBLICACIÓN, DISTRIBUCIÓN, ETC.
Lugar de publicación, distribución, etc. Buenos Aires :
Nombre del editor, distribuidor, etc. Nueva Visión,
Fecha de publicación, distribución, etc. 2008.
300 ## - DESCRIPCIÓN FÍSICA
Extensión 128 p. ;
Dimensiones 24x15 cm.
650 #0 - PUNTO DE ACCESO ADICIONAL DE MATERIA--TÉRMINO DE MATERIA
Término de materia o nombre geográfico como elemento de entrada psicoanálisis
942 ## - ELEMENTOS DE ENTRADA SECUNDARIOS (KOHA)
Fuente de la clasificación o esquema de estantería Clasificación decimal universal
Tipo de ítem Koha Libros
945 ## -
-- 66467
-- Melina Rolando
-- 66467
-- Melina Rolando
Holdings
Estatus retirado Estado de pérdida Fuente de la clasificación o esquema de estantería Estado de daño No para préstamo Colección Biblioteca de origen Biblioteca actual Fecha de adquisición Número de inventario Total de préstamos Signatura topográfica completa Código de barras Visto por última vez Precio de reemplazo Tipo de ítem Koha
    Clasificación decimal universal     SER Biblioteca Julio Serebrinsky Biblioteca Julio Serebrinsky 18/03/2026 46145   150.195 46145 18/03/2026 18/03/2026 Libros